| 000 | 00602 a2200169 4500 | ||
|---|---|---|---|
| 003 | Nust | ||
| 005 | 20170207171534.0 | ||
| 040 | _cNust | ||
| 082 | _a005.1 | ||
| 100 | _aIfzal, Saira (MSCS-19) | ||
| 245 |
_aCommunication Aid For Autistic : _bFor Pictures to English Sentences _hSaira Ifzal |
||
| 260 |
_aRawalpindi _bMCS,NUST _c2015 |
||
| 300 | _aIX,67 p | ||
| 505 | _a• Introduction (Page-1), Literatures Review (Page-3), System / Research Explation (Page-17), Application (Page-41), Analysis and Evaluation (Page-48), Conclusion and Future Work (Page-66), | ||
| 650 | _aPG Thesis | ||
| 651 | _aMSCS-19 | ||
| 942 | _cTHS | ||
| 999 |
_c217152 _d217152 |
||